MARC details
| 000 -CABECERA |
| campo de control de longitud fija |
02714nam a22003137a 4500 |
| 008 - DATOS DE LONGITUD FIJA--INFORMACIÓN GENERAL |
| campo de control de longitud fija |
251111b |||||||| |||| 00| 0 eng d |
| 020 ## - NÚMERO INTERNACIONAL ESTÁNDAR DEL LIBRO |
| Número Internacional Estándar del Libro |
9782702166352 |
| 040 ## - FUENTE DE LA CATALOGACIÓN |
| Centro/agencia transcriptor |
tbs |
| 041 ## - CÓDIGO DE LENGUA |
| Código de lengua del texto/banda sonora o título independiente |
fre |
| Código de lengua original |
eng |
| 100 ## - ENTRADA PRINCIPAL--NOMBRE DE PERSONA |
| Nombre de persona |
Connelly, Michael |
| Fechas asociadas al nombre |
1956- |
| 9 (RLIN) |
26466 |
| Término indicativo de función/relación |
author |
| 240 ## - TÍTULO UNIFORME |
| Título uniforme |
Desert star. |
| Lenguaje de la obra |
French. |
| 245 ## - MENCIÓN DE TÍTULO |
| Título |
L'étoile du désert |
| Mención de responsabilidad, etc. |
/ Michael Connelly ; tranlsated by Robert Pépin. |
| 260 ## - PUBLICACIÓN, DISTRIBUCIÓN, ETC. |
| Lugar de publicación, distribución, etc. |
Paris : |
| Nombre del editor, distribuidor, etc. |
Calmann-Lévy, |
| Fecha de publicación, distribución, etc. |
2023. |
| 300 ## - DESCRIPCIÓN FÍSICA |
| Extensión |
389 pages ; |
| Dimensiones |
22 cm. |
| 490 ## - MENCIÓN DE SERIE |
| Mención de serie |
Renée Ballard and Harry Bosch ; |
| Designación de volumen o secuencia |
4 |
| 490 ## - MENCIÓN DE SERIE |
| Mención de serie |
Calmann-Lévy noir |
| 520 ## - SUMARIO, ETC. |
| Sumario, etc. |
Après avoir quitté le LAPD rongé par la misogynie, le défaitisme et la bureaucratie, Renée Ballard revient prendre la direction de l'unité des Affaires non résolues récemment reformée. Elle y recrute des stars de la police et demande à Harry Bosch, maintenant à la retraite, de l'aider à résoudre l'affaire de deux jeunes femmes tuées de la même façon à dix ans d'intervalle. Bosch ne saurait refuser: avec toutes les ressources du LAPD, peut-être pourra-t-il en profiter pour arrêter le psychopathe qui a abattu toute une famille dans le désert de Mojave et n'a jamais été retrouvé. S'il respecte Ballard, Bosch supporte mal son autorité et cela risque de nuire à leur travail. Et les tueurs, eux, n'entendent pas se laisser prendre après toutes ces années d'impunité. D'autant que pour Ballard, et surtout pour Bosch, le temps presse ... |
| 520 ## - SUMARIO, ETC. |
| Sumario, etc. |
After leaving the LAPD, worn down by misogyny, defeatism, and bureaucracy, Renée Ballard returns to take command of the recently reformed Cold Case Unit. She recruits some of the department’s top talent and asks retired detective Harry Bosch to help her solve a case involving two young women murdered in the same way, ten years apart.<br/><br/>Bosch can’t refuse: with full access to LAPD resources, he just might be able to track down the psychopath who slaughtered an entire family in the Mojave Desert and was never caught.<br/><br/>Though Bosch respects Ballard, he struggles with her authority—a tension that could jeopardize their work. And the killers, after years of impunity, have no intention of being caught now. For Ballard—and especially for Bosch—time is running out… |
| 650 #0 - PUNTO DE ACCESO ADICIONAL DE MATERIA--TÉRMINO DE MATERIA |
| Término de materia o nombre geográfico como elemento de entrada |
Ballard, Renée (Fictitious character) |
| Subdivisión de forma |
Fiction |
| 9 (RLIN) |
26467 |
| 650 #0 - PUNTO DE ACCESO ADICIONAL DE MATERIA--TÉRMINO DE MATERIA |
| Término de materia o nombre geográfico como elemento de entrada |
Bosch, Harry |
| Subdivisión de forma |
Fiction |
| 9 (RLIN) |
26468 |
| 650 #0 - PUNTO DE ACCESO ADICIONAL DE MATERIA--TÉRMINO DE MATERIA |
| Término de materia o nombre geográfico como elemento de entrada |
Cold cases (Criminal investigation) |
| Subdivisión de forma |
Fiction |
| 9 (RLIN) |
26343 |
| 650 #0 - PUNTO DE ACCESO ADICIONAL DE MATERIA--TÉRMINO DE MATERIA |
| Término de materia o nombre geográfico como elemento de entrada |
Women detectives |
| Subdivisión de forma |
Fiction |
| 9 (RLIN) |
26469 |
| 650 #0 - PUNTO DE ACCESO ADICIONAL DE MATERIA--TÉRMINO DE MATERIA |
| Término de materia o nombre geográfico como elemento de entrada |
Murder |
| Subdivisión general |
Investigation |
| Subdivisión de forma |
Fiction |
| 9 (RLIN) |
7769 |
| 650 #0 - PUNTO DE ACCESO ADICIONAL DE MATERIA--TÉRMINO DE MATERIA |
| Término de materia o nombre geográfico como elemento de entrada |
Police |
| Subdivisión de forma |
Fiction |
| 9 (RLIN) |
26470 |
| 651 #0 - PUNTO DE ACCESO ADICIONAL DE MATERIA--NOMBRE GEOGRÁFICO |
| Nombre geográfico |
Los Angeles (California) |
| Subdivisión de forma |
Fiction |
| 9 (RLIN) |
24013 |
| 655 #0 - TÉRMINO DE INDIZACIÓN--GÉNERO/FORMA |
| Datos o término principal de género/forma |
Thrillers (Fiction) |
| 9 (RLIN) |
22669 |
| 700 ## - ENTRADA AGREGADA--NOMBRE PERSONAL |
| Nombre de persona |
Pépin, Robert |
| 9 (RLIN) |
26471 |
| Término indicativo de función/relación |
translator |
| 942 ## - ELEMENTOS DE ENTRADA AGREGADA (KOHA) |
| Fuente del sistema de clasificación o colocación |
Clasificación de Library of Congress |